Death Note: 7/10 in Knowledge - Statistics

General Stats
  • This quiz has been taken 37 times
  • The average score is 5 of 17
Answer Stats
Hint Answer % Correct
8/10 L
100%
9/10 Light Yagami
88%
9/10 Near
77%
7/10 Mello
50%
8/10 Teru Mikami
31%
7/10 Watari
31%
7/10 Kiyomi Takada
19%
7/10 Naomi Misora
19%
7/10 Raye Penber
19%
7/10 Aiber
8%
7/10 Anthony Rester
4%
7/10 Reiji Namikawa
4%
7/10 Stephen Gevanni
4%
7/10 Takeshi Ooi
4%
7/10 Halle Lidner
0%
7/10 Masahiko Kida
0%
7/10 Roger Ruvie
0%
No matching quizzes found
Score Distribution
Percent of People with Each Score
Percentile by Number Answered
Your Score History
You have not taken this quiz